Statistieken voor Top 15 landen met Covid-19 sterfgevallen - 9 maart 2022

Klik hier om de quiz te nemen!

Algemene statistieken

  • Deze quiz is 3 keer genomen
  • De gemiddelde score is 13 van 26

Antwoordstatistieken

land% Correct
Argentinië
100%
Duitsland
100%
Frankrijk
100%
India
100%
Mexico
100%
Rusland
100%
Verenigde Staten
100%
Verenigd Koninkrijk
100%
Brazilië
67%
Indonesië
67%
Polen
67%
Bulgarije
33%
Colombia
33%
Hongarije
33%
Italië
33%
Litouwen
33%
Roemenië
33%
Slovenië
33%
Tsjechië
33%
Bosnië en Herzegovina
0%
Georgië
0%
Iran
0%
Kroatië
0%
Noord-Macedonië
0%
Peru
0%
Slowakije
0%

Scoreverdeling

Percentiel versus Aantal Correcte Antwoorden

Procent van Mensen met Elke Score

Uw Scoregeschiedenis

U heeft deze quiz nog niet genomen